Tributaȯ̂ Da Economia Digital A legislaȯ̂ tributr̀ia brasileira est ̀apta a regular os desafios atuais da economia digital? /

Bibliographic Details
Main Author: Fossati, Gustavo
Other Authors: Navarro, Guilherme, Meneses, Isael, McClaskey, Layla, Giotti, Daniel
Format: eBook
Language:Portuguese
Published: Rio de Janeiro: FGV - Direito Rio, 2022
Subjects:
Online Access:Acceso restringido

MARC

LEADER 00000nam a22000007a 4500
005 20221025012923.0
007 cr|||| ||||
008 221025s2022 br |||||s|||| 00||0 por d
020 |a 978-65-86060-36-2 
035 |a 37383 
040 |a vLex 
090 |c 14045  |d 14045 
100 1 |a Fossati, Gustavo 
245 1 0 |a Tributaȯ̂ Da Economia Digital  |h [Recurso electrn̤ico] :  |b A legislaȯ̂ tributr̀ia brasileira est ̀apta a regular os desafios atuais da economia digital? /  |c Gustavo Fossati, Guilherme Navarro, Isael Meneses, Layla McClaskey, Daniel Giotti 
256 |a Servicio en ln̕ea 
260 |a Rio de Janeiro:  |b FGV - Direito Rio,  |c 2022 
300 |a 1 recurso electrn̤ico 
500 |a O trabalho teve como objetivo analisar a atual legislaȯ̂ tributr̀ia brasileira em relaȯ̂ ao seu grau de adequaȯ̂ diante das demandas da economia digital. A pesquisa almejou investigar se a eventual instituiȯ̂ de um IVA (Imposto sobre Valor Agregado) no Brasil seria adequada e suficiente para fazer frente aos desafios da economia digital e, sobretudo, garantir ao Pas̕ os devidos direitos de tributaȯ̂ sobre a criaȯ̂ de valor e a geraȯ̂ de riqueza no mercado consumidor brasileiro. 
506 1 |a Disponible solo en los productos indicados  |d vLex Global  |d vLex Global (Academic Edition, excluding Law Schools)  |d vLex Global (U.S. Academic Edition, Law Schools)  |d vLex Global (U.S. Academic Edition, excluding Law Schools)  |d vLex Global (Academic Edition, Law Schools) 
650 0 4 |a Derecho Tributario  |z Brasil 
700 1 |a Navarro, Guilherme 
700 1 |a Meneses, Isael 
700 1 |a McClaskey, Layla 
700 1 |a Giotti, Daniel 
740 0 |a vLex Libros (Servicio en ln̕ea) 
856 4 0 |u https://app.vlex.com/#/sources/37383  |z Acceso restringido 
942 |c BOOK 
999 0 |a Tax Law